000 00377 a2200145 4500
001 165342
020 _a
040 _cMagnum
100 _aBrunel University
240 1 0 _aStudy uk 2000: pre-degree and higher education edition
_lING
245 1 0 _aStudy uk 2000: pre-degree and higher education edition
362 0 _a1899
697 _aLITERATURA ESTRANGEIRA
942 _cBK
999 _c165342
_d165342